Statistics for Expressions By Pictures

Click here to take the quiz!

General Stats

  • This quiz has been taken 132 times
  • The average score is 3 of 6

Answer Stats

Answer% Correct
Anger
91%
Sadness
91%
Laughter or Joy
76%
Surprised
57%
Disgust
32%
Contempt
1%

Score Distribution

Percentile by Number Answered

Percent of People with Each Score

Your Score History

You have not taken this quiz